| 000 | 00341nam a22001457a 4500 | ||
|---|---|---|---|
| 020 | _qPB. | ||
| 040 | _cFIZZA ISHAQ | ||
| 082 |
_a624.015 _bTYL |
||
| 100 |
_aHICKS, TYLER . _989480 |
||
| 245 |
_aHANDBOOK CIVIL ENGINEERING / _cTYLER HICKS. |
||
| 250 | _a3rd ED. | ||
| 260 |
_bMC GRAW HILL, _c2016. |
||
| 300 | _a967 P. ; | ||
| 942 |
_2ddc _cBK |
||
| 999 |
_c588207 _d588207 |
||